000 00396 a2200169 4500
001 189691
020 _a85-06-01295-3
040 _cMagnum
100 _aCarrascoza, João Anzanello
240 1 0 _aAs flores do lado de baixo
_lpor
245 1 0 _aAs flores do lado de baixo
300 _a24
362 0 _a2006
440 1 _aMelhoramentos
697 _aLITERATURA INFANTO-JUVENIL
942 _cBK
999 _c189691
_d189691